[Event "Berlin Werner Ott op"]
[Site "Berlin"]
[Date "2019.06.28"]
[Round "7"]
[White "Huels, Maximilian"]
[Black "Zschaebitz, Klaus"]
[Result "0-1"]
[WhiteElo "1925"]
[BlackElo "2012"]
[PlyCount "71"]
[EventDate "2019.06.22"]
[EventType "swiss"]
[EventRounds "9"]
[EventCountry "GER"]
[SourceTitle "EXT 2022"]
[Source "ChessBase"]
[SourceDate "2021.10.06"]
[SourceVersion "1"]
[SourceVersionDate "2021.10.06"]
[SourceQuality "1"]

1. e4 e6 2. Qe2 c5 3. Nf3 Nc6 4. g3 Nge7 5. c3 d5 6. d3 h6 7. Bg2 g6 8. 0-0 Bg7 9. e5 Qc7 10. Re1 g5 11. h3 Ng6 12. d4 c4 13. Na3 a6 14. Nc2 Bd7 15. Bd2 Bf8 16. Nh2 Be7 17. Bf3 b5 18. Bh5 0-0-0 19. b3 Rdf8 20. bxc4 bxc4 21. Reb1 Qa5 22. Rb2 Kc7 23. Qf3 Rb8 24. Rxb8 Rxb8 25. Qxf7 Nf8 26. Bd1 Rb2 27. a3 Qb6 28. Nf1 Rb1 29. Rxb1 Qxb1 30. Nfe3 Kd8 31. Qh5 Na5 32. Kh2 Nb3 33. Qe2 Qa2 34. Ng4 Nxd2 35. Qxd2 Bxa3 36. Nxa3 0-1

[Event "Berlin-ch MT"]
[Site "Berlin"]
[Date "2019.04.24"]
[Round "5"]
[White "Zschaebitz, Klaus"]
[Black "Kunze, Martin"]
[Result "1/2-1/2"]
[WhiteElo "2024"]
[BlackElo "2077"]
[PlyCount "108"]
[EventDate "2019.04.20"]
[EventType "swiss"]
[EventRounds "9"]
[EventCountry "GER"]
[SourceTitle "EXT 2020"]
[Source "ChessBase"]
[SourceDate "2019.10.17"]
[SourceVersion "1"]
[SourceVersionDate "2019.10.17"]
[SourceQuality "1"]

1. c4 e6 2. Nf3 d5 3. b3 Nf6 4. e3 c5 5. Bb2 Nc6 6. g3 b6 7. Bg2 Bb7 8. 0-0 Be7 9. Nc3 0-0 10. cxd5 exd5 11. d4 Ba6 12. Ne2 c4 13. bxc4 Bxc4 14. Nd2 Ba6 15. a3 Na5 16. Re1 Rc8 17. Rc1 Qd7 18. Nc3 Rfd8 19. Qa4 Qxa4 20. Nxa4 Nc4 21. Nxc4 Bxc4 22. Nc3 b5 23. Bf1 Rb8 24. Nb1 a5 25. f3 Rdc8 26. e4 Bxf1 27. Kxf1 Rxc1 28. Bxc1 Rc8 29. Bd2 b4 30. axb4 axb4 31. Kf2 h5 32. h3 Bf8 33. Ke3 g5 34. Kd3 g4 35. e5 Nd7 36. hxg4 hxg4 37. f4 Rc6 38. f5 Nb6 39. e6 fxe6 40. fxe6 Be7 41. Re5 Kg7 42. Bxb4 Bxb4 43. e7 Bxe7 44. Rxe7+ Kf6 45. Re5 Rc1 46. Nc3 Rg1 47. Re3 Rg2 48. Ne2 Nc4 49. Re8 Nd6 50. Rf8+ Ke7 51. Rf4 Ne4 52. Ke3 Nxg3 53. Nxg3 Rxg3+ 54. Kf2 Rf3+ 1/2-1/2

[Event "Berlin Lichtenrade op 12th"]
[Site "Berlin"]
[Date "2016.10.23"]
[Round "2"]
[White "Zschaebitz, Klaus"]
[Black "Gabuzyan, Hovhannes"]
[Result "0-1"]
[WhiteElo "2063"]
[BlackElo "2592"]
[PlyCount "34"]
[EventDate "2016.10.22"]
[EventType "swiss"]
[EventRounds "9"]
[EventCountry "GER"]
[SourceTitle "EXT 2018"]
[Source "ChessBase"]
[SourceDate "2017.10.13"]
[SourceVersion "1"]
[SourceVersionDate "2017.10.13"]
[SourceQuality "1"]

1. c4 Nf6 2. g3 e5 3. Bg2 c6 4. d4 d6 5. Nc3 Nbd7 6. Nf3 Be7 7. 0-0 0-0 8. Qc2 Qe8 9. b3 a6 10. Bb2 Rb8 11. c5 exd4 12. cxd6 Bxd6 13. Nxd4 Ne5 14. Rad1 Bd7 15. Nf5 Bxf5 16. Qxf5 Rd8 17. Ne4 Nxe4 0-1

[Event "Berlin Lichtenberger op 15th"]
[Site "Berlin"]
[Date "2016.08.20"]
[Round "8"]
[White "Zschaebitz, Klaus"]
[Black "Schnabel, Ralf"]
[Result "0-1"]
[WhiteElo "2077"]
[BlackElo "2235"]
[PlyCount "146"]
[EventDate "2016.08.13"]
[EventType "swiss"]
[EventRounds "9"]
[EventCountry "GER"]
[SourceTitle "CBM 173 Extra"]
[Source "ChessBase"]
[SourceDate "2016.08.29"]
[SourceVersion "1"]
[SourceVersionDate "2016.08.29"]
[SourceQuality "1"]

1. c4 f5 2. g3 Nf6 3. Bg2 g6 4. Nc3 Bg7 5. d3 d6 6. e4 c5 7. exf5 gxf5 8. Nge2 Nc6 9. d4 cxd4 10. Nxd4 Bd7 11. 0-0 0-0 12. Nd5 Ne4 13. Be3 Ne5 14. b3 Ng4 15. Rc1 e6 16. Nc3 Nxe3 17. fxe3 Nxc3 18. Rxc3 Qb6 19. Rd3 Rad8 20. Kh1 Be5 21. Qf3 Bc8 22. Qh5 Kh8 23. Nf3 Qc7 24. Nxe5 dxe5 25. Rxd8 Qxd8 26. e4 Qf6 27. g4 f4 28. Bf3 Rd8 29. Rf2 b6 30. g5 Qg6 31. Qxg6 hxg6 32. Kg2 Bb7 33. Re2 a5 34. Kf2 Bc6 35. Ke1 Rd3 36. Kf2 Kg7 37. Rb2 Rd4 38. Re2 Kf7 39. h4 Ke7 40. Ke1 Rd3 41. Kf2 Kd6 42. h5 gxh5 43. g6 Ke7 44. Bxh5 Kf6 45. Re1 Rd4 46. Rg1 Kg7 47. Rg5 Bxe4 48. Rxe5 Kf6 49. Rb5 Rd2+ 50. Ke1 Rd6 51. c5 Rd5 52. g7 Kxg7 53. Rxb6 Rxh5 54. Rxe6 Bb1 55. c6 Bxa2 56. Re4 Rc5 57. b4 axb4 58. Rxb4 f3 59. Rb7+ Kf6 60. c7 Ke6 61. Rb6+ Kd7 62. Rf6 Bd5 63. Kf2 Rxc7 64. Kf1 Ke7 65. Rf4 Ke6 66. Rf8 Rc2 67. Rf4 Ke5 68. Rf8 Kd4 69. Rd8 Ke5 70. Rf8 Ke4 71. Kg1 Ke3 72. Re8+ Be4 73. Rf8 Rc1+ 0-1

[Event "Berlin Lichtenberger op 15th"]
[Site "Berlin"]
[Date "2016.08.14"]
[Round "2"]
[White "Zschaebitz, Klaus"]
[Black "Woelfert, Juergen"]
[Result "1-0"]
[WhiteElo "2077"]
[BlackElo "1834"]
[PlyCount "81"]
[EventDate "2016.08.13"]
[EventType "swiss"]
[EventRounds "9"]
[EventCountry "GER"]
[SourceTitle "CBM 173 Extra"]
[Source "ChessBase"]
[SourceDate "2016.08.29"]
[SourceVersion "1"]
[SourceVersionDate "2016.08.29"]
[SourceQuality "1"]

1. Nf3 Nf6 2. c4 g6 3. Nc3 Bg7 4. g3 d6 5. Bg2 c6 6. 0-0 0-0 7. d4 Nbd7 8. h3 e5 9. e4 Qc7 10. Re1 Re8 11. d5 Nf8 12. Be3 Bd7 13. b4 cxd5 14. Nxd5 Nxd5 15. cxd5 Qc4 16. Qb1 a5 17. bxa5 Rxa5 18. Bf1 Qa4 19. Bd2 Rc5 20. Qxb7 f5 21. Qb3 Qa8 22. Bb4 Rb8 23. Qa3 fxe4 24. Qxa8 Rxa8 25. Bxc5 exf3 26. Bxd6 e4 27. Rad1 Rxa2 28. Rxe4 g5 29. Bc5 Ba4 30. d6 Rc2 31. Rc4 Nd7 32. Rxc2 Bxc2 33. Rc1 Bf5 34. Be3 Be5 35. Rd1 h6 36. Bc4+ Kg7 37. g4 Bc2 38. Rd2 Ba4 39. Be6 Kf6 40. Bf5 Bc6 41. Ra2 1-0

[Event "Berlin Kreuzberg op"]
[Site "Berlin"]
[Date "2016.07.19"]
[Round "4"]
[White "Zschaebitz, Klaus"]
[Black "Niehaus, Frank"]
[Result "0-1"]
[WhiteElo "2075"]
[BlackElo "2214"]
[PlyCount "158"]
[EventDate "2016.07.16"]
[EventType "swiss"]
[EventRounds "9"]
[EventCountry "GER"]
[SourceTitle "CBM 173 Extra"]
[Source "ChessBase"]
[SourceDate "2016.08.29"]
[SourceVersion "1"]
[SourceVersionDate "2016.08.29"]
[SourceQuality "1"]

1. c4 Nf6 2. Nc3 g6 3. g3 Bg7 4. Bg2 0-0 5. e4 d6 6. Nge2 e5 7. 0-0 Nc6 8. d3 Nd7 9. Be3 Nd4 10. f4 f5 11. Qd2 a5 12. Bxd4 exd4 13. Nb5 fxe4 14. dxe4 d3 15. Qxd3 Bxb2 16. Rab1 Bg7 17. Qd5+ Kh8 18. Nbd4 Nc5 19. e5 c6 20. Qxd6 Qxd6 21. exd6 Rd8 22. Nb3 Nxb3 23. axb3 Rxd6 24. Rbd1 Rxd1 25. Rxd1 Bf5 26. Rd2 Bf6 27. Nd4 Rd8 28. Nf3 Rxd2 29. Nxd2 Bc3 30. Ne4 Bd4+ 31. Kf1 b5 32. cxb5 cxb5 33. Nd6 Bd3+ 34. Ke1 a4 35. bxa4 bxa4 36. Kd2 a3 37. Bd5 Bb1 38. Nb5 Bb2 39. Nc3 Bf5 40. Ba2 Kg7 41. Nd5 Kf8 42. Ne3 Bd7 43. Kd3 Ke7 44. Kc2 Ba4+ 45. Kb1 Bc6 46. Kc2 Be4+ 47. Kd2 Kd6 48. g4 Kc5 49. h4 h5 50. gxh5 gxh5 51. Nc2 Kd6 52. Bf7 Bf3 53. Ke3 Bg4 54. Ke4 Ke7 55. Bc4 Kf6 56. Nb4 Bf5+ 57. Kf3 Kg6 58. Ba2 Bf6 59. Kg3 Bc3 60. Nd5 Be1+ 61. Kh2 Bxh4 62. Ne3 Bc8 63. Bb1+ Kf7 64. Nc4 Be7 65. Nxa3 Bxa3 66. Be4 h4 67. Bg2 Bd6 68. Bh3 Bxf4+ 69. Kg2 Bb7+ 70. Kg1 Kf6 71. Bg2 Bc8 72. Kh1 Ke5 73. Bf3 Kd4 74. Kg2 Ke3 75. Bc6 Bg3 76. Kg1 Kf4 77. Bd5 Be1 78. Bc6 Kg3 79. Bg2 h3 0-1

[Event "Berlin Lieb Memorial 2nd"]
[Site "Berlin"]
[Date "2016.06.30"]
[Round "7"]
[White "Engers, Felix"]
[Black "Zschaebitz, Klaus"]
[Result "0-1"]
[WhiteElo "1850"]
[BlackElo "2070"]
[PlyCount "95"]
[EventDate "2016.05.19"]
[EventType "swiss"]
[EventRounds "7"]
[EventCountry "GER"]
[SourceTitle "EXT 2022"]
[Source "ChessBase"]
[SourceDate "2021.10.06"]
[SourceVersion "1"]
[SourceVersionDate "2021.10.06"]
[SourceQuality "1"]

1. c4 e5 2. g3 Nc6 3. Nc3 Bc5 4. Nf3 d6 5. a3 a6 6. b4 Ba7 7. d3 h5 8. Bg5 f6 9. Bd2 Nh6 10. Bxh6 Rxh6 11. e3 g5 12. h4 g4 13. Nd2 Ne7 14. Bg2 c6 15. Nb3 Be6 16. Ne4 Nf5 17. c5 d5 18. Ned2 Ne7 19. d4 Bb8 20. a4 f5 21. dxe5 Bxe5 22. Nd4 f4 23. gxf4 Bxd4 24. exd4 Qc7 25. Qb3 Qxf4 26. Qe3 Qf6 27. Nb3 Nf5 28. Qg5 Kd7 29. 0-0-0 Rg8 30. Qf4 Rh7 31. b5 axb5 32. axb5 Qh6 33. Qxh6 Rxh6 34. Rd2 Ra8 35. Kb2 Rf6 36. Nc1 Ra4 37. Kc3 Rc4+ 38. Kb2 Rxd4 39. Nd3 cxb5 40. Rhd1 Kc7 41. Ne5 Rxd2+ 42. Rxd2 Nxh4 43. Bxd5 Bxd5 44. Rxd5 Rxf2+ 45. Kc3 g3 46. Rd7+ Kc8 47. Rh7 g2 48. Nf7 0-1

[Event "Berlin Lieb Memorial 2nd"]
[Site "Berlin"]
[Date "2016.06.16"]
[Round "5"]
[White "Krefenstein, Sergej"]
[Black "Zschaebitz, Klaus"]
[Result "1-0"]
[WhiteElo "2187"]
[BlackElo "2070"]
[PlyCount "113"]
[EventDate "2016.05.19"]
[EventType "swiss"]
[EventRounds "7"]
[EventCountry "GER"]
[SourceTitle "EXT 2022"]
[Source "ChessBase"]
[SourceDate "2021.10.06"]
[SourceVersion "1"]
[SourceVersionDate "2021.10.06"]
[SourceQuality "1"]

1. e4 e6 2. d4 d5 3. Nc3 Bb4 4. e5 Ne7 5. a3 Bxc3+ 6. bxc3 b6 7. Qg4 Ng6 8. h4 h5 9. Qd1 Ba6 10. Bxa6 Nxa6 11. Nf3 Nb8 12. Bg5 Qd7 13. 0-0 Nc6 14. Qd3 Na5 15. Nd2 Ne7 16. Bxe7 Qxe7 17. Qg3 0-0-0 18. f4 Rh6 19. Qg5 f6 20. exf6 Qxf6 21. Rae1 Qf7 22. f5 exf5 23. Rxf5 Rf6 24. Rxf6 gxf6 25. Qf5+ Kb7 26. Re6 Rd6 27. Rxd6 cxd6 28. Kf2 Nc6 29. Nf3 Nd8 30. Ng1 Ka6 31. Ne2 Ka5 32. c4 Ka4 33. cxd5 b5 34. Qd3 Ka5 35. c4 Kb6 36. Qb3 a6 37. a4 Qd7 38. axb5 Qf5+ 39. Ke1 a5 40. Qe3 Qc8 41. Qd3 Nb7 42. Nc3 f5 43. Ne2 a4 44. Nc3 Qa8 45. Na2 Na5 46. Nb4 Qe8+ 47. Kd1 Nb3 48. Nc2 Qg8 49. Qf3 Qg6 50. g3 Qf6 51. Qf4 Qf8 52. Ke2 Ka5 53. Kd3 Kb6 54. Kc3 Ka5 55. Qe3 Qg7 56. Kb2 Nc5 57. Qc3+ 1-0

[Event "Berlin-ch MT"]
[Site "Berlin"]
[Date "2016.04.03"]
[Round "9"]
[White "Gressmann, Moritz"]
[Black "Zschaebitz, Klaus"]
[Result "1-0"]
[WhiteElo "2210"]
[BlackElo "2040"]
[PlyCount "39"]
[EventDate "2016.03.26"]
[EventType "swiss"]
[EventRounds "9"]
[EventCountry "GER"]
[SourceTitle "EXT 2022"]
[Source "ChessBase"]
[SourceDate "2021.10.06"]
[SourceVersion "1"]
[SourceVersionDate "2021.10.06"]
[SourceQuality "1"]

1. e4 e6 2. d4 d5 3. Nd2 h6 4. Ngf3 Nf6 5. e5 Nfd7 6. Bd3 c5 7. c3 Nc6 8. 0-0 g5 9. dxc5 Bxc5 10. Nb3 Bf8 11. Bb5 g4 12. Nfd4 Ncxe5 13. Bf4 Ng6 14. Qxg4 Nxf4 15. Qxf4 a6 16. Rae1 Qg5 17. Bxd7+ Kxd7 18. Qxf7+ Qe7 19. Nc5+ Kd6 20. Nf5+ 1-0

[Event "Berlin-ch MT"]
[Site "Berlin"]
[Date "2016.03.30"]
[Round "5"]
[White "Lachmann, Utz"]
[Black "Zschaebitz, Klaus"]
[Result "1-0"]
[WhiteElo "2145"]
[BlackElo "2040"]
[PlyCount "81"]
[EventDate "2016.03.26"]
[EventType "swiss"]
[EventRounds "9"]
[EventCountry "GER"]
[SourceTitle "EXT 2022"]
[Source "ChessBase"]
[SourceDate "2021.10.06"]
[SourceVersion "1"]
[SourceVersionDate "2021.10.06"]
[SourceQuality "1"]

1. e4 e6 2. d4 d5 3. Nc3 Bb4 4. exd5 exd5 5. Qf3 Nc6 6. Bb5 Be6 7. Nge2 Qf6 8. Qg3 Bd6 9. Bf4 Bxf4 10. Nxf4 0-0-0 11. Bxc6 bxc6 12. 0-0-0 Bf5 13. Na4 Ne7 14. Nc5 Rde8 15. Rhe1 Kd8 16. Qb3 Bc8 17. Nfd3 Nf5 18. Qb8 Nd6 19. Ne5 Qf4+ 20. Kb1 Rxe5 21. dxe5 Nc4 22. e6 Ke7 23. exf7+ Kxf7 24. Rd3 Rf8 25. Qxa7 Kg8 26. f3 Qxh2 27. b3 Nb6 28. Rd2 Qh4 29. Rde2 Qb4 30. Nd3 Qd6 31. Re8 d4 32. Rxf8+ Kxf8 33. Qb8 Kf7 34. Ne5+ Kf6 35. g4 Be6 36. g5+ Kxg5 37. Qh8 Kf6 38. Qxh7 Bf5 39. Qh4+ g5 40. Qh6+ Ke7 41. Nc4+ 1-0

[Event "Berlin-ch MT"]
[Site "Berlin"]
[Date "2016.03.26"]
[Round "1"]
[White "Dimitrijeski, Kristian"]
[Black "Zschaebitz, Klaus"]
[Result "1/2-1/2"]
[WhiteElo "2196"]
[BlackElo "2040"]
[PlyCount "149"]
[EventDate "2016.03.26"]
[EventType "swiss"]
[EventRounds "9"]
[EventCountry "GER"]
[SourceTitle "EXT 2022"]
[Source "ChessBase"]
[SourceDate "2021.10.06"]
[SourceVersion "1"]
[SourceVersionDate "2021.10.06"]
[SourceQuality "1"]

1. d4 Nf6 2. c4 e6 3. Nc3 Bb4 4. Qc2 d6 5. Nf3 Nbd7 6. Bg5 h6 7. Bh4 b6 8. 0-0-0 Bxc3 9. Qxc3 g5 10. Bg3 Ne4 11. Qc2 Bb7 12. Nd2 f5 13. f3 Nxg3 14. hxg3 Qf6 15. e3 0-0-0 16. Be2 h5 17. Rh2 h4 18. gxh4 Rxh4 19. Rdh1 Rxh2 20. Rxh2 Rh8 21. Rxh8+ Qxh8 22. Qd1 f4 23. exf4 gxf4 24. Ne4 Qg7 25. Qg1 Bxe4 26. fxe4 c5 27. d5 exd5 28. cxd5 Kc7 29. Qf2 Qg5 30. Kb1 Ne5 31. a4 Kd7 32. Bf3 Ke7 33. Qf1 Qh4 34. Ka2 Qh8 35. Qa6 Qb8 36. Bh5 Nd7 37. Bg4 Nf6 38. Bf5 Nh5 39. Qe2 Qe8 40. Qa6 Qb8 41. Qb5 Ng7 42. Qd7+ Kf6 43. Bh3 a6 44. Qg4 Qf8 45. Qxf4+ Ke7 46. Qg4 Kf6 47. Qe2 b5 48. axb5 axb5 49. Qxb5 Ke5 50. Qd3 Nh5 51. Bf5 Qa8+ 52. Kb1 Qa5 53. g4 Qe1+ 54. Ka2 Ng3 55. Qc3+ Qxc3 56. bxc3 Nxe4 57. Bxe4 Kxe4 58. c4 Kf4 59. Kb3 Kxg4 60. Ka4 Kf4 61. Kb5 Ke4 62. Kc6 Kd4 63. Kxd6 Kxc4 64. Ke5 Kb3 65. d6 c4 66. d7 c3 67. d8Q c2 68. Qb6+ Ka2 69. Qa5+ Kb1 70. Qb4+ Ka2 71. Qc3 Kb1 72. Qb3+ Ka1 73. Qc3+ Kb1 74. Qd3 Ka1 75. Qxc2 1/2-1/2

[Event "Berlin Spandau op 1st"]
[Site "Berlin"]
[Date "2015.12.30"]
[Round "7"]
[White "Zschaebitz, Klaus"]
[Black "Scheide, Helmut"]
[Result "0-1"]
[WhiteElo "2061"]
[BlackElo "1948"]
[PlyCount "108"]
[EventDate "2015.12.27"]
[EventType "swiss"]
[EventRounds "7"]
[EventCountry "GER"]
[SourceTitle "EXT 2022"]
[Source "ChessBase"]
[SourceDate "2021.10.06"]
[SourceVersion "1"]
[SourceVersionDate "2021.10.06"]
[SourceQuality "1"]

1. c4 Nf6 2. g3 c6 3. Bg2 d5 4. Nf3 Nbd7 5. d4 e6 6. Qc2 Be7 7. 0-0 0-0 8. Rd1 Ne4 9. Nc3 f5 10. Bf4 Ndf6 11. Ne5 Nh5 12. f3 Nxf4 13. gxf4 Nf6 14. c5 Kh8 15. b4 Nh5 16. e3 Qe8 17. a4 Bd7 18. Rab1 Rg8 19. b5 g5 20. fxg5 Bxg5 21. Qe2 f4 22. e4 Nf6 23. Ng4 Qh5 24. e5 Ne8 25. Qd3 Ng7 26. Kf2 Nf5 27. Rg1 Qh4+ 28. Ke2 Be8 29. Rbf1 Bg6 30. Qd1 h5 31. Nf2 Ne3 32. Qc1 Nxf1 33. Qxf1 Bh6 34. Bh3 Bf7 35. a5 Rxg1 36. Qxg1 Rg8 37. Qa1 Qe7 38. a6 cxb5 39. Nxb5 bxa6 40. Qxa6 Bg5 41. Nd3 Ra8 42. c6 Be8 43. Nc5 Qh7 44. Na3 Rb8 45. Nb7 Qc7 46. Bxe6 Bxc6 47. Nc5 Rb2+ 48. Kd1 Be7 49. Nd3 Bb5 50. Qxb5 Rxb5 51. Nxb5 Qc4 52. Nxf4 Bg5 53. Nxd5 Qd3+ 54. Ke1 Bh4# 0-1

[Event "Berlin Spandau op 1st"]
[Site "Berlin"]
[Date "2015.12.29"]
[Round "5"]
[White "Zschaebitz, Klaus"]
[Black "Tiarks, Jann Christian"]
[Result "1/2-1/2"]
[WhiteElo "2061"]
[BlackElo "1836"]
[PlyCount "138"]
[EventDate "2015.12.27"]
[EventType "swiss"]
[EventRounds "7"]
[EventCountry "GER"]
[SourceTitle "EXT 2022"]
[Source "ChessBase"]
[SourceDate "2021.10.06"]
[SourceVersion "1"]
[SourceVersionDate "2021.10.06"]
[SourceQuality "1"]

1. Nf3 d5 2. g3 Nf6 3. Bg2 c6 4. 0-0 Bg4 5. Ne5 Bh5 6. c4 e6 7. Nc3 Nbd7 8. d4 Nxe5 9. dxe5 Nd7 10. cxd5 exd5 11. f4 Bc5+ 12. Kh1 0-0 13. Na4 Bb4 14. a3 Ba5 15. Be3 Re8 16. b4 Bc7 17. Bh3 Nxe5 18. fxe5 Bxe5 19. Ra2 Bxg3 20. Bg1 Bd6 21. Bg2 Qh4 22. Qd3 Bg6 23. Qd2 Re5 24. Bf2 Qe7 25. Bg3 Rh5 26. Bxd6 Qxd6 27. Qf4 Qe7 28. Bf3 Rh6 29. Nc5 Re8 30. Nd3 Be4 31. Nf2 Rf6 32. Qg3 Qe6 33. Rd2 Bxf3+ 34. exf3 h5 35. Nd3 Qe3 36. Qf2 Qxf2 37. Rfxf2 Re3 38. Kg2 g5 39. a4 Kg7 40. Nc5 b6 41. Nd3 Kf8 42. Nc1 Ke7 43. Rde2 Rfe6 44. Rxe3 Rxe3 45. Re2 Rxe2+ 46. Nxe2 c5 47. b5 Kd6 48. Kf2 d4 49. Ng3 Kd5 50. Nxh5 Kc4 51. Ng3 Kb3 52. Ne4 c4 53. Nd2+ Kb4 54. Ke2 f5 55. Kd1 c3 56. f4 g4 57. Nf1 d3 58. Ne3 Kxa4 59. Nxf5 Kxb5 60. Ne3 Kc5 61. f5 Kd6 62. Nxg4 Ke7 63. Ne5 d2 64. Nc4 b5 65. Ne3 Kd6 66. f6 Ke6 67. Nd5 b4 68. Nxb4 Kxf6 69. Nd5+ Kg5 1/2-1/2

[Event "Berlin Lichtenberger op 14th"]
[Site "Berlin"]
[Date "2015.08.21"]
[Round "7"]
[White "Ferster, Fabian"]
[Black "Zschaebitz, Klaus"]
[Result "1-0"]
[WhiteElo "2142"]
[BlackElo "2061"]
[PlyCount "109"]
[EventDate "2015.08.15"]
[EventType "swiss"]
[EventRounds "9"]
[EventCountry "GER"]
[SourceTitle "EXT 2016"]
[Source "ChessBase"]
[SourceDate "2015.10.08"]
[SourceVersion "1"]
[SourceVersionDate "2015.10.08"]
[SourceQuality "1"]

1. d4 e6 2. c4 Nf6 3. Nf3 c5 4. d5 b5 5. cxb5 exd5 6. Bg5 Bb7 7. e3 Be7 8. Be2 d6 9. Nc3 Nbd7 10. 0-0 0-0 11. a4 Qa5 12. Nd2 c4 13. Nf3 h6 14. Bh4 Nc5 15. Nd4 Qc7 16. Nf5 Bd8 17. Qc2 Qd7 18. Bxf6 Bxf6 19. Bg4 Qd8 20. Bf3 Ne4 21. Bxe4 dxe4 22. Rad1 d5 23. Nxe4 Be5 24. f4 Bc7 25. Qc3 f6 26. Nc5 Bc8 27. Rxd5 Qe8 28. Qxc4 Kh8 29. Re1 Qg6 30. Ne7 Qf7 31. Nxc8 Raxc8 32. Qd3 Ba5 33. Rd1 Qe7 34. Nb3 Bb6 35. Nd4 Qb4 36. Ne6 Rfe8 37. f5 Qxa4 38. Rd7 Rg8 39. Rf1 Qc2 40. h3 Qxb2 41. Nd4 Rge8 42. Re1 Rc3 43. Qd1 Rexe3 44. Rxe3 Rxe3 45. Kh2 Re4 46. Nf3 Qxb5 47. Qd6 Re8 48. Nh4 Qe5+ 49. Qxe5 fxe5 50. Ng6+ Kg8 51. Ne7+ Kh7 52. f6 gxf6 53. Nf5+ Kh8 54. Nxh6 Rd8 55. Nf7+ 1-0

[Event "Berlin Lichtenberger op 14th"]
[Site "Berlin"]
[Date "2015.08.20"]
[Round "6"]
[White "Zschaebitz, Klaus"]
[Black "Stein, Siegfried"]
[Result "1-0"]
[WhiteElo "2061"]
[BlackElo "1713"]
[PlyCount "59"]
[EventDate "2015.08.15"]
[EventType "swiss"]
[EventRounds "9"]
[EventCountry "GER"]
[SourceTitle "EXT 2016"]
[Source "ChessBase"]
[SourceDate "2015.10.08"]
[SourceVersion "1"]
[SourceVersionDate "2015.10.08"]
[SourceQuality "1"]

1. c4 e5 2. g3 Nf6 3. Bg2 Nc6 4. Nc3 Bb4 5. Nd5 a5 6. e3 0-0 7. Ne2 Re8 8. 0-0 Bf8 9. Nec3 Nb4 10. Nxf6+ Qxf6 11. d4 c6 12. a3 Na6 13. Na4 Rb8 14. Nb6 Qd8 15. c5 d5 16. Bd2 e4 17. Bxa5 Be6 18. Bd2 Be7 19. b4 Nc7 20. a4 Bd7 21. Qe2 Na8 22. Nxd7 Qxd7 23. f3 exf3 24. Qxf3 Rf8 25. b5 cxb5 26. axb5 Qxb5 27. Qxd5 Nc7 28. Qf5 Ne8 29. Rab1 Qa4 30. Qe5 1-0

[Event "Berlin Lichtenberger op 14th"]
[Site "Berlin"]
[Date "2015.08.15"]
[Round "1"]
[White "Schroeder, Wolfgang"]
[Black "Zschaebitz, Klaus"]
[Result "0-1"]
[WhiteElo "1722"]
[BlackElo "2061"]
[PlyCount "88"]
[EventDate "2015.08.15"]
[EventType "swiss"]
[EventRounds "9"]
[EventCountry "GER"]
[SourceTitle "EXT 2016"]
[Source "ChessBase"]
[SourceDate "2015.10.08"]
[SourceVersion "1"]
[SourceVersionDate "2015.10.08"]
[SourceQuality "1"]

1. d4 e6 2. c4 Nf6 3. Nf3 b6 4. Nc3 Bb4 5. Bg5 Bb7 6. e3 h6 7. Bxf6 Bxc3+ 8. bxc3 Qxf6 9. Be2 d6 10. Qb3 Nd7 11. 0-0 0-0 12. Rad1 Qe7 13. Nd2 e5 14. d5 f5 15. e4 Nc5 16. Qc2 Bc8 17. Bf3 f4 18. Kh1 Bd7 19. Nb3 Nb7 20. Qe2 a5 21. Rg1 Rf6 22. g3 Raf8 23. g4 Rg6 24. Rg2 Qh4 25. Rdg1 Nd8 26. h3 Nf7 27. Rh2 Ng5 28. Nd2 Rgf6 29. Qf1 Be8 30. Qg2 Bg6 31. Re1 R6f7 32. Bd1 f3 33. Qf1 Rf4 34. Bc2 h5 35. gxh5 Bxe4 36. Nxe4 Nxe4 37. Qd3 Nf6 38. h6 Qxh6 39. Rg1 e4 40. Qe3 Re8 41. h4 Re5 42. Rg5 Rxh4 43. Rxh4 Qxh4+ 44. Kg1 Qxg5+ 0-1

[Event "Police Gniota Memorial 30th"]
[Site "Police"]
[Date "2015.07.15"]
[Round "9"]
[White "Zschaebitz, Klaus"]
[Black "Koziak, Vitali"]
[Result "0-1"]
[WhiteElo "2074"]
[BlackElo "2480"]
[PlyCount "82"]
[EventDate "2015.07.08"]
[EventType "swiss"]
[EventRounds "9"]
[EventCountry "POL"]
[SourceTitle "CBM 167 Extra"]
[Source "ChessBase"]
[SourceDate "2015.09.14"]
[SourceVersion "1"]
[SourceVersionDate "2015.09.14"]
[SourceQuality "1"]

1. c4 e5 2. g3 Nc6 3. Nc3 Bc5 4. Bg2 a6 5. e3 d6 6. Nge2 Ba7 7. Rb1 h5 8. h4 Nh6 9. b4 0-0 10. Nd5 Ne7 11. Bb2 Nxd5 12. cxd5 Ng4 13. Qb3 Qf6 14. f3 Nh6 15. Rc1 Qe7 16. Qc2 Bb6 17. Nc3 Bf5 18. Qb3 Rae8 19. Na4 Ba7 20. b5 axb5 21. Qxb5 Bc8 22. Qa5 Bc5 23. Qc3 b6 24. Bf1 Bd7 25. Qb3 Ra8 26. Nc3 f5 27. Be2 f4 28. gxf4 exf4 29. d4 fxe3 30. dxc5 bxc5 31. a4 Nf5 32. Ne4 Rxa4 33. Rc4 Raa8 34. Rxc5 Rfb8 35. Rb5 Bxb5 36. Bxb5 Ra5 37. Nc3 Nd4 38. Qc4 Nxb5 39. Rg1 Nxc3 40. Qxc3 Rxb2 41. Qxb2 Qxh4+ 0-1